| 000 | 00958nam a22002535a 4500 | ||
|---|---|---|---|
| 003 | OSt | ||
| 005 | 20170122140228.0 | ||
| 008 | 160922s2011 xx frb 000 0 ara d | ||
| 015 | _22010 / 7550 | ||
| 020 | _a9789770464021 | ||
| 040 |
_aEG-ScBUE _bara _cEG-ScBUE _dEG-ScBUE |
||
| 043 | _af-ua--- | ||
| 082 | 0 | 4 |
_a344.6201 _bع ص ا _222 |
| 100 | 1 | _aعصار، يسري محمد. | |
| 245 | 1 | 2 |
_aالمبادئ التي أرستها المحكمة الدستورية العليا في مجال الوظيفة العامة / _cيسري محمد العصار. |
| 260 |
_a[د. م. : _bد. ن.]، _c2011. |
||
| 300 |
_a317 ص. ؛ _c24 سم. |
||
| 504 | _aيشتمل على إرجاعات ببليوجرافية. | ||
| 610 | 1 | 7 |
_941178 _a مصر. _bالمحكمة الدستورية العليا. |
| 650 | 0 |
_aالموظفون _xوضع قانوني، قوانين، إلخ _zمصر. _2BUEsh |
|
| 651 | _2BUEsh | ||
| 653 |
_bLLAAWW _cJanuary2017 |
||
| 942 | _2ddc | ||
| 999 |
_c24000 _d23972 |
||